| 000 | 00708nam a2200181 i 4500 | ||
|---|---|---|---|
| 001 | 182743 | ||
| 003 | ES-MaACL | ||
| 005 | 20230906221711.0 | ||
| 007 | t| | ||
| 008 | 131022s1990 sp ||||1| spa d | ||
| 100 | 1 |
_aAntelo Iglesias, Antonio. _921870 |
|
| 245 | 1 | 0 |
_aAlfonso de Palencia _b: historiografía y humanismo en la Castilla del siglo XV / _cAntonio Antelo Iglesias. |
| 260 |
_aMadrid : _bUned, _c1990. |
||
| 300 |
_aP. 21-40 ; _c24 cm. |
||
| 500 | _aSeparata de: Espacio, Tiempo y Forma: revista de la Facultad de Geografía e Historia, Serie III, Historia Medieval, t.3, 1990. | ||
| 600 | 0 | 4 |
_aPalencia, Alfonso de. _988529 |
| 852 |
_aES-MaACL _j2327-F-15 _z.- Dedicatoria manuscrita del autor |
||
| 999 |
_c182743 _d182743 |
||